Online Catalogue and eLibrary

Kylasapadi +sillayiyoor Selavarajan (Record no. 2513)

MARC details
000 -LEADER
fixed length control field 00395nam a2200145Ia 4500
005 - DATE AND TIME OF LATEST TRANSACTION
control field 20250405174528.0
008 - FIXED-LENGTH DATA ELEMENTS--GENERAL INFORMATION
fixed length control field 240331s9999 xx 000 0 und d
082 ## - DDC Classification
Item Number - Author Mark SAM
Class No. 894
100 ## - MAIN ENTRY--PERSONAL NAME
Personal name Sameem,A
245 #0 - TITLE STATEMENT
Title Kylasapadi +sillayiyoor Selavarajan
260 ## - PUBLICATION, DISTRIBUTION, ETC.
Place of publication, distribution, etc. Colombo
Name of publisher, distributor, etc. Ilankai motpokku kalai ilakiyaperavai
Date of publication, distribution, etc. 2007
300 ## - PHYSICAL DESCRIPTION
Extent (e.g. Volumes, Pages etc.) 134 p .,
500 ## - GENERAL NOTE
General note Theshiya Ilakkiaym patriyathu
942 ## - Koha item type (Biblio)
Koha item type Books in Stacks (Lending)
Holdings
Lost status Damaged status Collection code Home library Current library Shelving location Date acquired Full call number Accession Number Item type
    Lending WERC Library WERC Library Social Science Cupboard 03/31/2024 894.811 SAM 5946 Books in Stacks (Lending)

© WERC Library